000 02069nam0a2200373 4500
001 RU\NLR\bibl\1057758
005 20260405112355.0
010 _a5-279-02298-5
_bВ пер.
_92000
021 _aRU
_b2007-4434
_9226
035 _a(nilc)RSL-KNO-003032232
035 _a(NLR Aleph) 001045040
090 _a842812
_c842812
100 _a20070213d2006 |||y0rusy50 ca
101 0 _arus
102 _aRU
105 _aa zzzz|||||
106 _ar
200 1 _aБазы данных
_eвведение в теорию и методологию
_eучебник для студентов, обучающихся по специальности "Прикладная математика и информатика", а также при подготовке бакалавров и магистров по этому направлению
_fА. С. Марков, К. Ю. Лисовский
210 _aМосква
_cФинансы и статистика
_d2006
215 _a510, [1] с.
_cил.
_d25
320 _aПредм. указ. в конце кн.
320 _aБиблиогр.: с. 431-434 (69 назв.)
606 1 _aБазы данных
_jУчебники для высших учебных заведений
_91109468
_3RU\NLR\auth\66118319
610 0 _aВычислительная техника -- Вычислительные машины электронные цифровые -- Автоматическая обработка информации -- Программирование -- Базы данных -- Учебник для высшей школы
686 _aЗ973.233-018.2я73-1
_2rubbk
686 _aЗ973.233-018.2я73-1
700 1 _4070
_7ca
_8rus
_aМарков
_bА. С.
_cд-р физ.-мат. наук
_f1938-
_gАлександр Сергеевич
_926179
_3RU\NLR\auth\7743236
701 1 _aЛисовский
_bК. Ю.
_gКирилл Юльевич
_4070
801 0 _aRU
_bРКП
_c20070213
_grcr
801 1 _aRU
_bРГБ
_c20070213
801 2 _aRU
_bNLR
_c20070313
_grcr
942 _cBOOK
980 _aNB